000 00960nam a22002177a 4500
999 _c11244
_d11244
003 AR-CdUCM
008 190403b ||||| |||| 00| 0 spa d
040 _aMUNICIPALIDAD PROVINCIAL DEL CUSCO
_cBIBLIOTECA MUNICIPAL DEL CUSCO
082 _aC / 869.56018 /
_bC92
100 _aCruz Salas, Juan de la
_928514
245 _aCanas y sus relámpagos :
_bAntología Poética /
_cTupak Amaro (seudónimo)
260 _aCusco :
_c1947.
300 _a52 páginas ;
_bilustraciones, retrato,
_c20 cm.
500 _aAudaz del Castillo, seudónimo de José Cirilo Castillo Gutiérrez ; Killku Warakca, seudónimo de Andrés Alencastre Gutiérrez ; Tupak Amaro, seudónimo de Juan de la Cruz Salas y S. ; Jacinto Yana-aucca, seudónimo de Jacinto Callo Quispe Suma.
_aCon poesías en Quechua.
505 _aContenido: Poesías.
650 _aLiteratura Cusqueña
_97280
650 _aPoesía
_943899
650 _aSiglo XX
_98
942 _2ddc
_cLIBROS
945 _aachl